cop car - mitski lyrics - Statistics

General Stats
  • This quiz has been taken 143 times
  • The average score is 116 of 154
Answer Stats
Answer % Correct
a
99%
i
99%
bad
92%
dog
92%
get
91%
like
91%
me
91%
when
91%
i'm
90%
mean
90%
nervous
90%
it
82%
and
78%
the
78%
in
77%
to
76%
water
76%
am
74%
boys,
74%
die,
74%
die
74%
girls
74%
i've
74%
you
74%
never
73%
about
72%
loved
72%
many
72%
think
72%
will
72%
cruel,
71%
don't
71%
into
71%
make
71%
past
71%
past,
71%
running
71%
there
71%
want
71%
fast
69%
it's
69%
jump
69%
anyway
68%
can
68%
always
67%
horses,
67%
blue
65%
laugh
65%
riding
65%
miss
64%
made
63%
mine,
63%
were
63%
gentle,
62%
pretended
59%
all
56%
exits
56%
blocked
53%
for
53%
burn
51%
this
51%
so
50%
movie
49%
was
47%
preemptively
46%
theater,
46%
babe
41%
meant
38%
hey
36%
calm,
24%
No matching quizzes found
Score Distribution
Percent of People with Each Score
Percentile by Number Answered
Your Score History
You have not taken this quiz